000 01589cam a2200133 4500500
005 20260405085546.0
041 _afre
042 _adc
100 1 0 _aBoulanger, Philippe
_eauthor
245 0 0 _aGéopolitique des médias : Acteurs, rivalités et conflits
260 _bArmand Colin,
_c2014.
520 _a« Révolution Facebook » dans les pays arabes, émergence de grands groupes industriels du Global media, traitement médiatique permanent des crises et des conflits… les médias sont devenus incontournables pour comprendre les mutations et les évolutions contemporaines. Outils d’intelligence collective et collaborative, mais aussi de contrôle, d’influence et de domination, les médias ont acquis une véritable dimension « géopolitique » que vient explorer cet ouvrage novateur. Après avoir présenté les concepts, la méthodologie et les réflexions actuelles sur la géopolitique des médias, la première partie met en évidence l’impact de leur globalisation sur la recomposition des interdépendances entre sociétés. Ensuite sont abordés les rapports entre mondialisation, rivalités de pouvoir et médias, qui révèlent à la fois la prédominance américaine et les utilisations mises en oeuvre par les pays émergents. Enfin est traitée la place des médias dans les relations internationales et les conflits, depuis leur exploitation dans le champ d’action militaire au XIXe siècle, aux nouvelles rivalités du cyberespace.
856 4 1 _uhttps://shs.cairn.info/geopolitique-des-medias--9782200284992?lang=fr&redirect-ssocas=7080
999 _c2198521
_d2198521